|
|
|
|
| LEADER |
01562nam a2200421 a 4500 |
| 001 |
EBC3050498 |
| 003 |
MiAaPQ |
| 005 |
20200520144314.0 |
| 006 |
m o d | |
| 007 |
cr cn||||||||| |
| 008 |
020515s2001 dcua sb 000 0 eng d |
| 020 |
|
|
|z 0821349147
|
| 035 |
|
|
|a (MiAaPQ)EBC3050498
|
| 035 |
|
|
|a (Au-PeEL)EBL3050498
|
| 035 |
|
|
|a (CaPaEBR)ebr10015747
|
| 035 |
|
|
|a (CaONFJC)MIL8760
|
| 035 |
|
|
|a (OCoLC)922951521
|
| 040 |
|
|
|a MiAaPQ
|c MiAaPQ
|d MiAaPQ
|
| 041 |
0 |
|
|a eng
|b spa
|
| 050 |
|
4 |
|a HJ803
|b .M33 2001
|
| 245 |
0 |
0 |
|a Mexico, a comprehensive development agenda for the new era
|h [electronic resource] /
|c edited by Marcelo M. Giugale, Olivier Lafourcade, and Vinh H. Nguyen.
|
| 260 |
|
|
|a Washington, D.C. :
|b World Bank,
|c c2001.
|
| 300 |
|
|
|a xxxii, 748 p. :
|b ill.
|
| 504 |
|
|
|a Includes bibliographical references.
|
| 533 |
|
|
|a Electronic reproduction. Ann Arbor, MI : ProQuest, 2015. Available via World Wide Web. Access may be limited to ProQuest affiliated libraries.
|
| 546 |
|
|
|a English and Spanish summary.
|
| 650 |
|
0 |
|a Fiscal policy
|z Mexico.
|
| 650 |
|
0 |
|a Taxation
|z Mexico.
|
| 650 |
|
0 |
|a Poverty
|z Mexico.
|
| 651 |
|
0 |
|a Mexico
|x Economic conditions
|y 1994-
|
| 651 |
|
0 |
|a Mexico
|x Economic policy
|y 1994-
|
| 651 |
|
0 |
|a Mexico
|x Politics and government
|y 1988-2000.
|
| 655 |
|
4 |
|a Electronic books.
|
| 700 |
1 |
|
|a Giugale, Marcelo.
|
| 700 |
1 |
|
|a Lafourcade, O.
|
| 700 |
1 |
|
|a Nguyen, Vinh H.
|
| 710 |
2 |
|
|a ProQuest (Firm)
|
| 856 |
4 |
0 |
|u https://ebookcentral.proquest.com/lib/matrademy/detail.action?docID=3050498
|z Click to View
|